[Event "Budapest Vezerkepzo GM 06"]
[Site "Budapest"]
[Date "2022.06.20"]
[Round "5"]
[White "Isha, Sharma"]
[Black "Aditya, Vikram Paul"]
[Result "1-0"]
[WhiteElo "2234"]
[BlackElo "2409"]
[PlyCount "100"]
[EventDate "2022.06.16"]
[EventType "tourn"]
[EventRounds "9"]
[EventCountry "HUN"]
[EventCategory "6"]
[SourceTitle "CBM 209 Extra"]
[Source "ChessBase"]
[SourceDate "2022.09.30"]
[SourceVersion "1"]
[SourceVersionDate "2022.09.30"]
[SourceQuality "1"]

1. e4 c5 2. Nf3 Nc6 3. Bb5 g6 4. 0-0 Bg7 5. c3 e5 6. d4 cxd4 7. cxd4 exd4 8. Bf4 a6 9. Ba4 Nge7 10. Bd6 b5 11. Bb3 Bb7 12. Re1 Nc8 13. e5 Nxd6 14. exd6+ Kf8 15. Nbd2 f5 16. Bd5 Qb8 17. Ng5 Bf6 18. Ne6+ dxe6 19. Rxe6 Kg7 20. Rc1 Rc8 21. d7 Rc7 22. Bxc6 Bxc6 23. Rcxc6 Rxc6 24. Rxc6 Qb7 25. Qf3 Rd8 26. Nb3 Qxd7 27. Nc5 Re8 28. g4 Re1+ 29. Kg2 Qe8 30. Rxa6 Qe2 31. Ra7+ Be7 32. Qxe2 Rxe2 33. Kf3 Re5 34. Nd3 fxg4+ 35. Kxg4 h5+ 36. Kf3 Rf5+ 37. Ke4 Kf6 38. Ra6+ Kg7 39. Ra7 Kf6 40. Kxd4 Bd6 41. Ra6 Ke7 42. Ke4 Rg5 43. h4 Rg4+ 44. Kd5 Bh2 45. Nc5 Rg2 46. Ne4 Bg1 47. Ra7+ Kd8 48. Kc6 Bxf2 49. Rd7+ Ke8 50. Rd2 Rg4 1-0

[Event "Budapest Vezerkepzo GM 06"]
[Site "Budapest"]
[Date "2022.06.19"]
[Round "4"]
[White "Aditya, Vikram Paul"]
[Black "Pranav, V."]
[Result "0-1"]
[WhiteElo "2409"]
[BlackElo "2481"]
[PlyCount "40"]
[EventDate "2022.06.16"]
[EventType "tourn"]
[EventRounds "9"]
[EventCountry "HUN"]
[EventCategory "6"]
[SourceTitle "CBM 209 Extra"]
[Source "ChessBase"]
[SourceDate "2022.09.30"]
[SourceVersion "1"]
[SourceVersionDate "2022.09.30"]
[SourceQuality "1"]

1. d4 Nf6 2. c4 e6 3. g3 c5 4. d5 exd5 5. cxd5 b5 6. e4 Nxe4 7. Bg2 Nd6 8. Nh3 Be7 9. 0-0 0-0 10. Bf4 Na6 11. Re1 Re8 12. Nc3 Bb7 13. Rxe7 Qxe7 14. Nxb5 Nxb5 15. d6 Qd8 16. Bxb7 Nb4 17. Qh5 h6 18. Bxa8 Qxa8 19. Qxc5 Nc2 20. Rd1 Nbd4 0-1

[Event "Budapest Vezerkepzo GM 06"]
[Site "Budapest"]
[Date "2022.06.18"]
[Round "3"]
[White "Aditya, Vikram Paul"]
[Black "Czebe, Attila"]
[Result "1/2-1/2"]
[WhiteElo "2409"]
[BlackElo "2368"]
[PlyCount "62"]
[EventDate "2022.06.16"]
[EventType "tourn"]
[EventRounds "9"]
[EventCountry "HUN"]
[EventCategory "6"]
[SourceTitle "CBM 209 Extra"]
[Source "ChessBase"]
[SourceDate "2022.09.30"]
[SourceVersion "1"]
[SourceVersionDate "2022.09.30"]
[SourceQuality "1"]

1. d4 Nf6 2. c4 c5 3. d5 e5 4. g3 d6 5. Bg2 g6 6. e4 Bg7 7. Ne2 0-0 8. 0-0 Ne8 9. Nbc3 f5 10. f4 exf4 11. Nxf4 Nc7 12. Re1 fxe4 13. Nxe4 Bf5 14. h4 Re8 15. Ng5 Rxe1+ 16. Qxe1 Qf6 17. Nge6 Bxe6 18. dxe6 Nc6 19. Bd2 Re8 20. Nd5 Nxd5 21. cxd5 Nd4 22. Qe4 Nf5 23. Bc3 Qe7 24. Qd3 Bd4+ 25. Bxd4 Nxd4 26. b4 b6 27. bxc5 bxc5 28. Rb1 Qg7 29. Re1 Nf5 30. Be4 Qe5 31. Kg2 Rf8 1/2-1/2

[Event "Budapest FS06 GM"]
[Site "Budapest"]
[Date "2022.06.04"]
[Round "1"]
[White "Neverov, Valeriy"]
[Black "Aditya, Vikram Paul"]
[Result "1/2-1/2"]
[WhiteElo "2455"]
[BlackElo "2409"]
[PlyCount "66"]
[EventDate "2022.06.04"]
[EventType "tourn"]
[EventRounds "10"]
[EventCountry "HUN"]
[EventCategory "6"]
[SourceTitle "CBM 208 Extra"]
[Source "ChessBase"]
[SourceDate "2022.07.31"]
[SourceVersion "1"]
[SourceVersionDate "2022.07.31"]
[SourceQuality "1"]

1. d4 Nf6 2. c4 e6 3. Nc3 Bb4 4. e3 c5 5. Nf3 0-0 6. Bd2 Bxc3 7. Bxc3 Ne4 8. Qc2 Nxc3 9. Qxc3 b6 10. d5 exd5 11. cxd5 d6 12. Bd3 Nd7 13. 0-0-0 Rb8 14. Qc2 Nf6 15. h3 g6 16. e4 b5 17. Rhe1 Re8 18. Qd2 Ba6 19. g4 c4 20. g5 Nd7 21. Bc2 b4 22. Nd4 Qa5 23. Kb1 Bb5 24. Nc6 Bxc6 25. dxc6 Ne5 26. c7 Qxc7 27. Qxd6 Qc8 28. f4 b3 29. axb3 cxb3 30. Bxb3 Rxb3 31. fxe5 Qxh3 32. Qd7 Qxd7 33. Rxd7 Rxe5 1/2-1/2

[Event "Budapest Vezerkepzo GM 12"]
[Site "Budapest"]
[Date "2021.12.22"]
[Round "8"]
[White "Avinash, Ramesh"]
[Black "Aditya, Vikram Paul"]
[Result "1-0"]
[WhiteElo "2391"]
[BlackElo "2281"]
[PlyCount "55"]
[EventDate "2021.12.15"]
[EventType "tourn"]
[EventRounds "9"]
[EventCountry "HUN"]
[EventCategory "6"]
[SourceTitle "CBM 205 Extra"]
[Source "ChessBase"]
[SourceDate "2022.01.31"]
[SourceVersion "1"]
[SourceVersionDate "2022.01.31"]
[SourceQuality "1"]

1. e4 c5 2. Nf3 Nc6 3. Bb5 g6 4. 0-0 Bg7 5. c3 e5 6. d4 cxd4 7. cxd4 exd4 8. Bf4 a6 9. Ba4 Nge7 10. Bd6 b5 11. Bb3 Bb7 12. Re1 Nc8 13. e5 Nxd6 14. exd6+ Kf8 15. Nbd2 Bf6 16. Bd5 Na5 17. Bxb7 Nxb7 18. Ne4 Kg7 19. g4 h6 20. h4 Kh7 21. Qb3 Rf8 22. Qd5 Na5 23. g5 hxg5 24. hxg5 Bg7 25. Ne5 Nc4 26. Ng4 Qb6 27. Nef6+ Bxf6 28. Qh1+ 1-0

[Event "Budapest Vezerkepzo GM 12"]
[Site "Budapest"]
[Date "2021.12.21"]
[Round "7"]
[White "Aditya, Vikram Paul"]
[Black "Ajay Krishna, S."]
[Result "1-0"]
[WhiteElo "2281"]
[BlackElo "2401"]
[PlyCount "85"]
[EventDate "2021.12.15"]
[EventType "tourn"]
[EventRounds "9"]
[EventCountry "HUN"]
[EventCategory "6"]
[SourceTitle "CBM 205 Extra"]
[Source "ChessBase"]
[SourceDate "2022.01.31"]
[SourceVersion "1"]
[SourceVersionDate "2022.01.31"]
[SourceQuality "1"]

1. d4 d5 2. c4 e6 3. Nf3 Nf6 4. g3 Bb4+ 5. Nbd2 dxc4 6. Bg2 0-0 7. Qc2 a5 8. 0-0 b5 9. a3 Be7 10. b3 cxb3 11. Qxb3 c6 12. Bb2 Nbd7 13. Rfc1 Bb7 14. a4 b4 15. Ne1 Qb6 16. Nd3 Rfc8 17. e4 Qa7 18. e5 Nd5 19. Ne4 c5 20. dxc5 Nxc5 21. Ndxc5 Bxc5 22. Qf3 Be7 23. Qg4 Rd8 24. Nf6+ Kh8 25. Bd4 Qb8 26. Qh4 gxf6 27. exf6 Bf8 28. Be4 h6 29. Bc2 e5 30. Bc5 Rd7 31. Bb3 Nc3 32. Be3 Rd4 33. Qh5 Be4 34. Bxd4 exd4 35. Qxf7 Bh7 36. Re1 Ra7 37. Re7 Rxe7 38. fxe7 Bxe7 39. Qxe7 Bg6 40. Qf6+ Kh7 41. Re1 Ne4 42. Rxe4 Bxe4 43. Qe7+ 1-0

[Event "Budapest Vezerkepzo GM 12"]
[Site "Budapest"]
[Date "2021.12.17"]
[Round "3"]
[White "Aditya, Vikram Paul"]
[Black "Mirzoev, Azer"]
[Result "0-1"]
[WhiteElo "2281"]
[BlackElo "2420"]
[PlyCount "140"]
[EventDate "2021.12.15"]
[EventType "tourn"]
[EventRounds "9"]
[EventCountry "HUN"]
[EventCategory "6"]
[SourceTitle "CBM 205 Extra"]
[Source "ChessBase"]
[SourceDate "2022.01.31"]
[SourceVersion "1"]
[SourceVersionDate "2022.01.31"]
[SourceQuality "1"]

1. d4 d5 2. c4 e6 3. Nf3 a6 4. Nbd2 Nf6 5. g3 c5 6. cxd5 exd5 7. Bg2 Nc6 8. dxc5 Bxc5 9. 0-0 0-0 10. Nb3 Ba7 11. Nbd4 Nxd4 12. Nxd4 h6 13. b3 Re8 14. Bb2 Bg4 15. Re1 Qb6 16. h3 Bh5 17. g4 Bg6 18. e3 Ne4 19. Nf3 Qd6 20. Nh4 Bh7 21. Nf5 Bxf5 22. gxf5 Bb8 23. Qg4 Qh2+ 24. Kf1 Be5 25. Bxe5 Rxe5 26. Red1 Nf6 27. Qf3 Ree8 28. Qf4 Qxf4 29. exf4 Rad8 30. Rd4 Rd7 31. Rad1 Kf8 32. R4d3 Red8 33. Bf3 a5 34. a4 Rd6 35. Rd4 Rc8 36. b4 b6 37. bxa5 bxa5 38. Rb1 Rdc6 39. Rb5 Rc1+ 40. Rd1 R1c5 41. Bxd5 Rxb5 42. axb5 Rd8 43. Bf3 Rxd1+ 44. Bxd1 Ke7 45. Bb3 Kd6 46. Bxf7 Kc5 47. Ke2 Kxb5 48. Kd3 Kc5 49. Bb3 Nd7 50. Ke4 Kd6 51. f6 Nxf6+ 52. Kf5 Ke7 53. Kg6 Kf8 54. f5 Nd7 55. f4 Nf6 56. Ba2 a4 57. Bc4 a3 58. Bb3 Ng8 59. Kh7 Nf6+ 60. Kg6 Ne4 61. Ba2 Nc3 62. f6 gxf6 63. Bc4 Ke7 64. Kxh6 a2 65. Bxa2 Nxa2 66. Kg6 Nc3 67. h4 Nd5 68. f5 Nf4+ 69. Kg7 Ng2 70. h5 Nh4 0-1